<?xml version="1.0" encoding="UTF-8"?>
<record
    xmlns:xsi="http://www.w3.org/2001/XMLSchema-instance"
    xsi:schemaLocation="http://www.loc.gov/MARC21/slim http://www.loc.gov/standards/marcxml/schema/MARC21slim.xsd"
    xmlns="http://www.loc.gov/MARC21/slim">

  <leader>03594nam2a2200493   4500</leader>
  <controlfield tag="001">v19\rc\1751914</controlfield>
  <controlfield tag="005">20260406173353.0</controlfield>
  <datafield tag="035" ind1=" " ind2=" ">
    <subfield code="a">(NLR Aleph) 005231563</subfield>
  </datafield>
  <datafield tag="090" ind1=" " ind2=" ">
    <subfield code="a">5610935</subfield>
    <subfield code="c">5610935</subfield>
  </datafield>
  <datafield tag="100" ind1=" " ind2=" ">
    <subfield code="a">20061204d1908    |||y0rusy50      ca</subfield>
  </datafield>
  <datafield tag="101" ind1="0" ind2=" ">
    <subfield code="a">rus</subfield>
  </datafield>
  <datafield tag="102" ind1=" " ind2=" ">
    <subfield code="a">RU</subfield>
  </datafield>
  <datafield tag="105" ind1=" " ind2=" ">
    <subfield code="a">ac  z   |1|cd</subfield>
  </datafield>
  <datafield tag="135" ind1=" " ind2=" ">
    <subfield code="a">crnn nnnaacda</subfield>
  </datafield>
  <datafield tag="200" ind1="1" ind2=" ">
    <subfield code="a">&#x413;&#x43B;&#x430;&#x432;&#x43D;&#x43E;&#x435; &#x412;&#x43E;&#x435;&#x43D;&#x43D;&#x43E;-&#x43C;&#x435;&#x434;&#x438;&#x446;&#x438;&#x43D;&#x441;&#x43A;&#x43E;&#x435; &#x443;&#x43F;&#x440;&#x430;&#x432;&#x43B;&#x435;&#x43D;&#x438;&#x435;</subfield>
    <subfield code="h">&#x447;. 2</subfield>
    <subfield code="i">&#x418;&#x441;&#x442;&#x43E;&#x440;&#x438;&#x447;&#x435;&#x441;&#x43A;&#x438;&#x439; &#x43E;&#x447;&#x435;&#x440;&#x43A; &#x440;&#x430;&#x437;&#x432;&#x438;&#x442;&#x438;&#x44F; &#x438; &#x434;&#x435;&#x44F;&#x442;&#x435;&#x43B;&#x44C;&#x43D;&#x43E;&#x441;&#x442;&#x438; &#x412;&#x43E;&#x435;&#x43D;&#x43D;&#x43E;-&#x43C;&#x435;&#x434;&#x438;&#x446;&#x438;&#x43D;&#x441;&#x43A;&#x43E;&#x433;&#x43E; &#x432;&#x435;&#x434;&#x43E;&#x43C;&#x441;&#x442;&#x432;&#x430; &#x432; &#x426;&#x430;&#x440;&#x441;&#x442;&#x432;&#x43E;&#x432;&#x430;&#x43D;&#x438;&#x435; &#x418;&#x43C;&#x43F;&#x435;&#x440;&#x430;&#x442;&#x43E;&#x440;&#x430; &#x41D;&#x438;&#x43A;&#x43E;&#x43B;&#x430;&#x44F; I</subfield>
    <subfield code="h">&#x43E;&#x442;&#x434;. I-IV</subfield>
    <subfield code="f">&#x441;&#x43E;&#x441;&#x442;. &#x43F;&#x440;&#x438;&#x432;.-&#x434;&#x43E;&#x446;. &#x412;&#x43E;&#x435;&#x43D;&#x43D;&#x43E;-&#x43C;&#x435;&#x434;. &#x430;&#x43A;&#x430;&#x434;., &#x434;-&#x440; &#x43C;&#x435;&#x434;. &#x41D;.&#x418;. &#x41A;&#x443;&#x43B;&#x44C;&#x431;&#x438;&#x43D;</subfield>
    <subfield code="g">&#x447;&#x430;&#x441;&#x442;&#x44C; &#x43C;&#x430;&#x442;&#x435;&#x440;&#x438;&#x430;&#x43B;&#x43E;&#x432; &#x441;&#x43E;&#x431;&#x440;&#x430;&#x43D;&#x430; &#x434;-&#x440;&#x43E;&#x43C; &#x43C;&#x435;&#x434;. &#x410;.&#x418;. &#x411;&#x430;&#x440;&#x430;&#x43D;&#x43E;&#x432;&#x44B;&#x43C; &#x43F;&#x43E;&#x434; &#x440;&#x443;&#x43A;. &#x431;&#x44B;&#x432;&#x448;&#x435;&#x433;&#x43E; &#x441;&#x43E;&#x441;&#x442;., &#x434;&#x435;&#x439;&#x441;&#x442;. &#x441;&#x442;&#x430;&#x442;. &#x441;&#x43E;&#x432;., &#x434;-&#x440;&#x430; &#x43C;&#x435;&#x434;. &#x412;.&#x421;. &#x41A;&#x440;&#x443;&#x447;&#x435;&#x43A;-&#x413;&#x43E;&#x43B;&#x443;&#x431;&#x43E;&#x432;&#x430;</subfield>
  </datafield>
  <datafield tag="210" ind1=" " ind2=" ">
    <subfield code="d">1908</subfield>
    <subfield code="a">&#x411;. &#x43C;.</subfield>
  </datafield>
  <datafield tag="215" ind1=" " ind2=" ">
    <subfield code="a">[5], 288 &#x441;., 1 &#x43B;. &#x444;&#x440;&#x43E;&#x43D;&#x442;. (&#x433;&#x440;&#x430;&#x432;. &#x442;&#x438;&#x442;. &#x43B;.), [1] &#x43B;. &#x43A;&#x430;&#x440;&#x442;.</subfield>
    <subfield code="c">&#x438;&#x43B;., &#x43F;&#x43E;&#x440;&#x442;&#x440;.</subfield>
  </datafield>
  <datafield tag="300" ind1=" " ind2=" ">
    <subfield code="a">&#x41D;&#x430; &#x433;&#x440;&#x430;&#x432;. &#x442;&#x438;&#x442;. &#x43B;. &#x437;&#x430;&#x433;&#x43B;.: &#x41E;&#x447;&#x435;&#x440;&#x43A; &#x440;&#x430;&#x437;&#x432;&#x438;&#x442;&#x438;&#x44F; &#x438; &#x434;&#x435;&#x44F;&#x442;&#x435;&#x43B;&#x44C;&#x43D;&#x43E;&#x441;&#x442;&#x438; &#x412;&#x43E;&#x435;&#x43D;&#x43D;&#x43E;-&#x43C;&#x435;&#x434;&#x438;&#x446;&#x438;&#x43D;&#x441;&#x43A;&#x43E;&#x433;&#x43E; &#x432;&#x435;&#x434;&#x43E;&#x43C;&#x441;&#x442;&#x432;&#x430;</subfield>
  </datafield>
  <datafield tag="300" ind1=" " ind2=" ">
    <subfield code="a">&#x41D;&#x430; &#x43E;&#x431;&#x43B;. &#x442;&#x43E;&#x43B;&#x44C;&#x43A;&#x43E; &#x437;&#x430;&#x433;&#x43B;. &#x441;&#x435;&#x440;&#x438;&#x438;</subfield>
  </datafield>
  <datafield tag="309" ind1=" " ind2=" ">
    <subfield code="a">2 &#x442;&#x438;&#x442;. &#x43B;.</subfield>
  </datafield>
  <datafield tag="325" ind1=" " ind2=" ">
    <subfield code="a">&#x41A;&#x43E;&#x43F;&#x438;&#x44F; &#x434;&#x43E;&#x441;&#x442;&#x443;&#x43F;&#x43D;&#x430; &#x432; &#x42D;&#x43B;&#x435;&#x43A;&#x442;&#x440;&#x43E;&#x43D;. &#x431;-&#x43A;&#x435; &#x420;&#x41D;&#x411; http://vivaldi.nlr.ru/bv000001306/view</subfield>
  </datafield>
  <datafield tag="461" ind1=" " ind2="0">
    <subfield code="1">001v19\rc\1751884</subfield>
    <subfield code="1">2001#$a&#x421;&#x442;&#x43E;&#x43B;&#x435;&#x442;&#x438;&#x435; &#x412;&#x43E;&#x435;&#x43D;&#x43D;&#x43E;&#x433;&#x43E; &#x43C;&#x438;&#x43D;&#x438;&#x441;&#x442;&#x435;&#x440;&#x441;&#x442;&#x432;&#x430;, 1802-1902$f&#x433;&#x43B;. &#x440;&#x435;&#x434;. &#x433;&#x435;&#x43D;. &#x43E;&#x442; &#x43A;&#x430;&#x432;&#x430;&#x43B;&#x435;&#x440;&#x438;&#x438; &#x414;.&#x410;. &#x421;&#x43A;&#x430;&#x43B;&#x43E;&#x43D;$g[&#x43E;&#x431;&#x43B;. &#x438; &#x432;&#x438;&#x43D;&#x44C;&#x435;&#x442;&#x43A;&#x438; &#x445;&#x443;&#x434;&#x43E;&#x436;. &#x41D;. &#x421;&#x430;&#x43C;&#x43E;&#x43A;&#x438;&#x448;]$v&#x422;. 8</subfield>
    <subfield code="9">5610630</subfield>
    <subfield code="c">&#x421;&#x430;&#x43D;&#x43A;&#x442;&#x43F;&#x435;&#x442;&#x435;&#x440;&#x431;&#x443;&#x440;&#x433;</subfield>
    <subfield code="d">1902</subfield>
    <subfield code="f">&#x433;&#x43B;. &#x440;&#x435;&#x434;. &#x433;&#x435;&#x43D;. &#x43E;&#x442; &#x43A;&#x430;&#x432;&#x430;&#x43B;&#x435;&#x440;&#x438;&#x438; &#x414;.&#x410;. &#x421;&#x43A;&#x430;&#x43B;&#x43E;&#x43D;</subfield>
    <subfield code="n">&#x422;&#x438;&#x43F;. &#x422;-&#x432;&#x430; &#x41C;.&#x41E;. &#x412;&#x43E;&#x43B;&#x44C;&#x444;</subfield>
    <subfield code="t">&#x421;&#x442;&#x43E;&#x43B;&#x435;&#x442;&#x438;&#x435; &#x412;&#x43E;&#x435;&#x43D;&#x43D;&#x43E;&#x433;&#x43E; &#x43C;&#x438;&#x43D;&#x438;&#x441;&#x442;&#x435;&#x440;&#x441;&#x442;&#x432;&#x430;, 1802-1902</subfield>
    <subfield code="v">&#x422;. 8</subfield>
  </datafield>
  <datafield tag="513" ind1="0" ind2=" ">
    <subfield code="a">&#x41E;&#x447;&#x435;&#x440;&#x43A; &#x440;&#x430;&#x437;&#x432;&#x438;&#x442;&#x438;&#x44F; &#x438; &#x434;&#x435;&#x44F;&#x442;&#x435;&#x43B;&#x44C;&#x43D;&#x43E;&#x441;&#x442;&#x438; &#x412;&#x43E;&#x435;&#x43D;&#x43D;&#x43E;-&#x43C;&#x435;&#x434;&#x438;&#x446;&#x438;&#x43D;&#x441;&#x43A;&#x43E;&#x433;&#x43E; &#x432;&#x435;&#x434;&#x43E;&#x43C;&#x441;&#x442;&#x432;&#x430;</subfield>
  </datafield>
  <datafield tag="601" ind1="0" ind2="1">
    <subfield code="a">&#x420;&#x43E;&#x441;&#x441;&#x438;&#x44F;</subfield>
    <subfield code="b">&#x413;&#x43B;&#x430;&#x432;&#x43D;&#x43E;&#x435; &#x432;&#x43E;&#x435;&#x43D;&#x43D;&#x43E;-&#x43C;&#x435;&#x434;&#x438;&#x446;&#x438;&#x43D;&#x441;&#x43A;&#x43E;&#x435; &#x443;&#x43F;&#x440;&#x430;&#x432;&#x43B;&#x435;&#x43D;&#x438;&#x435;</subfield>
    <subfield code="9">2535381</subfield>
    <subfield code="3">RU\NLR\AUTH\661501479</subfield>
  </datafield>
  <datafield tag="686" ind1="0" ind2=" ">
    <subfield code="a">&#x426;7,8(2)0-221.1</subfield>
  </datafield>
  <datafield tag="702" ind1=" " ind2="1">
    <subfield code="4">220</subfield>
    <subfield code="8">rus</subfield>
    <subfield code="7">ca</subfield>
    <subfield code="a">&#x41A;&#x443;&#x43B;&#x44C;&#x431;&#x438;&#x43D;</subfield>
    <subfield code="b">&#x41D;. &#x418;.</subfield>
    <subfield code="g">&#x41D;&#x438;&#x43A;&#x43E;&#x43B;&#x430;&#x439; &#x418;&#x432;&#x430;&#x43D;&#x43E;&#x432;&#x438;&#x447;</subfield>
    <subfield code="f">1868-1917</subfield>
    <subfield code="3">RU\NLR\AUTH\7771140</subfield>
    <subfield code="9">54068</subfield>
  </datafield>
  <datafield tag="702" ind1=" " ind2="1">
    <subfield code="4">220</subfield>
    <subfield code="8">rus</subfield>
    <subfield code="7">ca</subfield>
    <subfield code="a">&#x411;&#x430;&#x440;&#x430;&#x43D;&#x43E;&#x432;</subfield>
    <subfield code="b">&#x410;. &#x418;.</subfield>
    <subfield code="c">&#x434;-&#x440; &#x43C;&#x435;&#x434;&#x438;&#x446;&#x438;&#x43D;&#x44B;</subfield>
    <subfield code="f">1864-</subfield>
    <subfield code="g">&#x410;&#x43B;&#x435;&#x43A;&#x441;&#x430;&#x43D;&#x434;&#x440; &#x418;&#x432;&#x430;&#x43D;&#x43E;&#x432;&#x438;&#x447;</subfield>
    <subfield code="3">RU\NLR\AUTH\7771147</subfield>
    <subfield code="9">54075</subfield>
  </datafield>
  <datafield tag="702" ind1=" " ind2="1">
    <subfield code="4">220</subfield>
    <subfield code="8">rus</subfield>
    <subfield code="7">ca</subfield>
    <subfield code="a">&#x41A;&#x440;&#x443;&#x447;&#x435;&#x43A;-&#x413;&#x43E;&#x43B;&#x443;&#x431;&#x43E;&#x432;</subfield>
    <subfield code="b">&#x412;. &#x421;.</subfield>
    <subfield code="g">&#x412;&#x43B;&#x430;&#x434;&#x438;&#x43C;&#x438;&#x440; &#x421;&#x430;&#x432;&#x432;&#x438;&#x447;</subfield>
    <subfield code="3">RU\NLR\AUTH\7771139</subfield>
    <subfield code="9">54067</subfield>
  </datafield>
  <datafield tag="711" ind1="0" ind2="1">
    <subfield code="a">&#x420;&#x43E;&#x441;&#x441;&#x438;&#x44F;</subfield>
    <subfield code="b">&#x413;&#x43B;&#x430;&#x432;&#x43D;&#x43E;&#x435; &#x432;&#x43E;&#x435;&#x43D;&#x43D;&#x43E;-&#x43C;&#x435;&#x434;&#x438;&#x446;&#x438;&#x43D;&#x441;&#x43A;&#x43E;&#x435; &#x443;&#x43F;&#x440;&#x430;&#x432;&#x43B;&#x435;&#x43D;&#x438;&#x435;</subfield>
    <subfield code="3">RU\NLR\AUTH\889941158</subfield>
    <subfield code="9">377171</subfield>
  </datafield>
  <datafield tag="801" ind1=" " ind2="2">
    <subfield code="a">RU</subfield>
    <subfield code="b">NLR</subfield>
    <subfield code="c">20081124</subfield>
    <subfield code="2">rusmarc</subfield>
  </datafield>
  <datafield tag="801" ind1=" " ind2="0">
    <subfield code="a">RU</subfield>
    <subfield code="b">NLR</subfield>
    <subfield code="c">20061204</subfield>
    <subfield code="g">psbo</subfield>
  </datafield>
  <datafield tag="801" ind1=" " ind2="0">
    <subfield code="a">RU</subfield>
    <subfield code="b">RuMoRGB</subfield>
    <subfield code="c">20061204</subfield>
    <subfield code="2">psbo</subfield>
  </datafield>
  <datafield tag="801" ind1=" " ind2="1">
    <subfield code="a">RU</subfield>
    <subfield code="b">ProSoft-M</subfield>
    <subfield code="c">20061204</subfield>
    <subfield code="2">rusmarc</subfield>
  </datafield>
  <datafield tag="852" ind1=" " ind2=" ">
    <subfield code="a">NLR</subfield>
    <subfield code="j">18.349.1.8(2)</subfield>
  </datafield>
  <datafield tag="852" ind1=" " ind2=" ">
    <subfield code="a">NLR</subfield>
    <subfield code="j">52/572(8-2)</subfield>
  </datafield>
  <datafield tag="852" ind1=" " ind2=" ">
    <subfield code="a">NLR</subfield>
    <subfield code="b">&#x41C;&#x444;</subfield>
    <subfield code="j">&#x41A;-1/31824(8-2)</subfield>
  </datafield>
  <datafield tag="852" ind1=" " ind2=" ">
    <subfield code="a">NLR</subfield>
    <subfield code="b">&#x41C;&#x444;</subfield>
    <subfield code="j">&#x41A;-1/28723</subfield>
  </datafield>
  <datafield tag="856" ind1=" " ind2="0">
    <subfield code="u">https://nlr.ru/elibrarypro/vministr/RA6040/content?id=30</subfield>
  </datafield>
  <datafield tag="942" ind1=" " ind2=" ">
    <subfield code="c">BOOK</subfield>
  </datafield>
  <datafield tag="980" ind1=" " ind2=" ">
    <subfield code="a">NB</subfield>
  </datafield>
  <datafield tag="981" ind1="4" ind2="8">
    <subfield code="a">(48) &#x41A;&#x440;&#x44B;&#x43C;: &#x438;&#x441;&#x442;&#x43E;&#x440;&#x438;&#x44F; &#x432; &#x434;&#x43E;&#x43A;&#x443;&#x43C;&#x435;&#x43D;&#x442;&#x430;&#x445;</subfield>
  </datafield>
  <datafield tag="981" ind1="2" ind2="2">
    <subfield code="a">(22) &#x41C;&#x430;&#x442;&#x435;&#x440;&#x438;&#x430;&#x43B;&#x44B; &#x43F;&#x43E; &#x438;&#x441;&#x442;&#x43E;&#x440;&#x438;&#x438; &#x420;&#x43E;&#x441;&#x441;&#x438;&#x438;</subfield>
    <subfield code="b">(22) &#x418;&#x441;&#x442;&#x43E;&#x440;&#x438;&#x44F; &#x420;&#x43E;&#x441;&#x441;&#x438;&#x438; &#x434;&#x43E; 25 &#x43E;&#x43A;&#x442;&#x44F;&#x431;&#x440;&#x44F; (7 &#x43D;&#x43E;&#x44F;&#x431;&#x440;&#x44F;) 1917 &#x433;&#x43E;&#x434;&#x430;</subfield>
    <subfield code="b">&#x41E;&#x440;&#x433;&#x430;&#x43D;&#x44B; &#x443;&#x43F;&#x440;&#x430;&#x432;&#x43B;&#x435;&#x43D;&#x438;&#x44F;</subfield>
    <subfield code="b">&#x41C;&#x438;&#x43D;&#x438;&#x441;&#x442;&#x435;&#x440;&#x441;&#x442;&#x432;&#x430;</subfield>
  </datafield>
  <datafield tag="995" ind1=" " ind2=" ">
    <subfield code="5">2013-10-26</subfield>
    <subfield code="b">NLR02</subfield>
    <subfield code="c">NLR02</subfield>
    <subfield code="e">RFS</subfield>
    <subfield code="f">5231563-10</subfield>
    <subfield code="k">18.349.1.8(2)</subfield>
    <subfield code="o">0</subfield>
    <subfield code="r">BOOK</subfield>
    <subfield code="s">18349182_</subfield>
  </datafield>
  <datafield tag="995" ind1=" " ind2=" ">
    <subfield code="5">2013-10-26</subfield>
    <subfield code="b">NLR02</subfield>
    <subfield code="c">NLR02</subfield>
    <subfield code="e">RFS</subfield>
    <subfield code="f">5231563-20</subfield>
    <subfield code="k">52/572(8-2)</subfield>
    <subfield code="o">0</subfield>
    <subfield code="r">BOOK</subfield>
    <subfield code="s">5257282_</subfield>
  </datafield>
  <datafield tag="995" ind1=" " ind2=" ">
    <subfield code="5">2013-10-26</subfield>
    <subfield code="b">NLR01</subfield>
    <subfield code="c">NLR01</subfield>
    <subfield code="e">FM</subfield>
    <subfield code="f">5231563-30</subfield>
    <subfield code="k">&#x41C;&#x444; &#x41A;1/31824(8-2)</subfield>
    <subfield code="o">0</subfield>
    <subfield code="r">MFILM</subfield>
    <subfield code="s">_13182482</subfield>
  </datafield>
</record>
